01670cam a22004934i 4500003000900000005001700009008004100026020001500067020001800082035002700100040003300127082001500160100003300175245013500208300005600343336002100399337002500420338002300445505032000468526001000788526001000798526000900808526000900817526000900826526000900835526000900844526000900853526000800862526000800870526000800878526000800886526000800894526000800902526000800910526000800918541001800926541001800944541001800962650004600980650005401026700003401080700003601114264002601150PE-LiUPU20250731180059.0150206s2015 sp a rb 000 0 spa d a8494345117 a9788494345111 a(Sirsi) i9788494345111 aSUEbspacSUEcPE-LiUPUerda04a620.9bM141 aMadrid Cenzano, Ana,eautor.10aManual técnico del cambio climático y las energías renovables :bcon ejercicios prácticos resueltos /cAna Madrid Cenzano. a287 páginas :bilustraciones ;c24 centímetros. atext2rdacontent aunmediated2rdamedia avolume2rdacarrier aEl cambio climático: causas, consecuencias y soluciones -- La lluvia ácida, el efecto invernadero, la capa de ozono, el ciclo del carbono y la huella ecológia -- El efecto positivo de las energías renovables sobre el cambio climático -- Principales tipos de energías renovables -- Fuestes de energías. aSEG44 aSEG26 aP159 aP155 aP154 aP153 aP150 aP100 aP31 aP30 aP26 aP25 aP24 aP22 aP15 aP10 g0043-0021433; g002-00000831; gF001-0000830;04aClima Cambios Aspecto del medio ambiente.04aEnergías renovables Aspecto del medio ambiente.1 aEsteire Gereca, Luis,eautor.1 aMadrid Cenzano, Javier,eautor. aMadrid :bAMV,c2015.